| 000 | 02338cam a2200421 i 4500 | ||
|---|---|---|---|
| 999 |
_c10281 _d10281 |
||
| 001 | 22357259 | ||
| 003 | GBCCL | ||
| 005 | 20241126110729.0 | ||
| 008 | 211221s2021 ii a b 001 0 eng | ||
| 010 | _a 2020335937 | ||
| 020 |
_a9789354352492 _q(HB) |
||
| 020 |
_z9789354350047 _q(eBook) |
||
| 025 | _aI-E-2020335937; 56-91; 63-91 | ||
| 037 | _bLibrary of Congress -- New Delhi Overseas Office | ||
| 040 |
_aDLC _beng _erda _cDLC _dDLC |
||
| 042 |
_alcode _apcc |
||
| 043 | _aa-ii--- | ||
| 050 | 0 | 0 |
_aDS463 _b.S14818 2021 |
| 082 |
_a342.02954 _bDEE |
||
| 100 | 1 |
_aSai Deepak, J., _eauthor. _917847 |
|
| 245 | 1 | 0 |
_aIndia that is Bharat : _bcoloniality, civilisation, constitution / _cJ. Sai Deepak. |
| 264 | 1 |
_aNew Delhi : _bBloomsbury, _c2021. |
|
| 300 |
_axxiv, 460 pages : _billustrations ; _c24 cm. |
||
| 336 |
_atext _btxt _2rdacontent |
||
| 337 |
_aunmediated _bn _2rdamedia |
||
| 338 |
_avolume _bnc _2rdacarrier |
||
| 490 | 0 |
_aThe Bharat trilogy ; _vBook 1 |
|
| 500 | _a"India, that Is Bharat, the first book of a comprehensive Bharat trilogy, explores the influence of European "colonial consciousness" (or "coloniality"), particularly its religious and racial roots, on Bharat as the successor state to the Indic civilisation and the origins of the Indian Constitution. It lays the foundation for its sequels by covering the period between the age of discovery, marked by Christopher Columbus' expedition in 1492, and the reshaping of Bharat through a British-made constitution-the Government of India Act of 1919. This includes international developments leading to the founding of the League of Nations by Western powers that tangibly impacted this journey."--Front jacket folded flap. | ||
| 504 | _aIncludes bibliographical references and index. | ||
| 505 | 0 |
_aForeword / _rby Dr. Gautam Sen -- Acknowledgements -- Introduction -- _gSection I. _tColoniality -- _gSection II. _tCivilisation -- _gSection III. _tConstitution -- Notes -- Index -- About the author. |
|
| 530 | _aAlso available as an e-book. | ||
| 650 | 0 |
_aConstitutional history _zIndia. _917848 |
|
| 651 | 0 |
_aIndia _xHistory _yBritish occupation, 1765-1947. _95128 |
|
| 651 | 0 |
_aIndia _xHistory _y1000-1765. _917849 |
|
| 906 |
_a7 _bcbc _corigode _d3 _encip _f20 _gy-gencatlg |
||
| 942 |
_2ddc _cBK |
||